Catálogo
 En Linea

El último instante / (Registro nro. 45792)

Detalles MARC
000 -CABECERA
campo de control de longitud fija 00632nam a2200157 a 4500
001 - NÚMERO DE CONTROL
campo de control 000046303
005 - FECHA Y HORA DE LA ÚLTIMA TRANSACCIÓN
campo de control 20201002052756.0
008 - DATOS DE LONGITUD FIJA--INFORMACIÓN GENERAL
campo de control de longitud fija 150717s1967 dr ac 000 0 spa d
040 ## - FUENTE DE LA CATALOGACIÓN
Centro catalogador/agencia de origen DO-SdBNP
Lengua de catalogación spa
Centro/agencia transcriptor BNPHU
082 ## - NÚMERO DE LA CLASIFICACIÓN DECIMAL DEWEY
Número de clasificación xxxx
Número de documento/Ítem xxxx
100 1# - ENTRADA PRINCIPAL--NOMBRE DE PERSONA
Nombre de persona Domínguez, Franklin
9 (RLIN) 26932
245 13 - MENCIÓN DE TÍTULO
Título El último instante /
Mención de responsabilidad, etc. Franklin Domínguez,.
260 ## - PUBLICACIÓN, DISTRIBUCIÓN, ETC.
Lugar de publicación, distribución, etc. [Santo Domingo :
Nombre del editor, distribuidor, etc. s.n.,
Fecha de publicación, distribución, etc. 1967].
300 ## - DESCRIPCIÓN FÍSICA
Extensión 51 p. :
Otras características físicas il., retrs. ;
Dimensiones 22 cm.
500 ## - NOTA GENERAL
Nota general Monólogo de Franklin Domínguez ; actuación de Monina Sola ; dirección: Instituto Politécnico de Santiago, jueves 18 de mayo del 1967, José Avila Castillo ; la interprete: Marie Lourties.
Existencias
Estado de retiro Estado de pérdida No para préstamo Código de colección Localización permanente Ubicación/localización actual Ubicación en estantería Fecha de adquisición Número de inventario Total de préstamos Signatura topográfica completa Código de barras Fecha visto por última vez Precio válido a partir de Tipo de ítem Koha Nota pública
    Excluido de préstamo Patrimonio Dominicano Patrimonio Dominicano Patrimonio Dominicano En catalogación 17.07.2015 LF1   xxxx xxxx 46303-10 25.06.2020 25.06.2020 Libro y Folleto Colección Patrimonio Dominicano Perteneció a la bilblioteca personal de Chiqui Vicioso Fidelio Despradel.

Con tecnología Koha